000
00295nam a22001337a 4500
003
SGT
020
_a
978-81-7637-337-1
082
_a
615.53
_b
P16J
100
_a
JINDAL, NITIN
245
_a
PANCHAKARMA SIDDHI
260
_a
VARANASI
_b
CHAUKHAMBA PUB
_c
2016
650
_a
AYURVEDA
942
_2
ddc
_c
BK
999
_c
16610
_d
16610